LEADER 00789nab a2200133 i 4500 001 000000325628 003 CaOOAMICUS 005 20180831173506.0 008 180831n it uu u0 0ita r 013 $a36680 040 $aSeMil$bita 245 10$aPer una Chiesa vicina alla gente. Il diacono Crespi, che lo scorso novembre ha partecipato al Convegno ecclesiale di Firenze come delegato diocesano... dell'assise nazionale... - In [rubrica]: Convegno ecclesiale di Firenze. 773 0 $tGiubileo della Misericordia.$gp.10-11$w()288581 996 $6245$aPer una Chiesa vicina alla gente. Il diacono Crespi, che lo scorso novembre ha partecipato al Convegno ecclesiale di Firenze come delegato diocesano... dell'assise nazionale... - In [rubrica]: Convegno ecclesiale di Firenze.$9(OLS)http://semarc/title/398770 LEADER 00761naa a2200169 i 4500 001 000000307905 003 CaOOAMICUS 005 20180831172925.0 008 180831n it u000 u ita u 013 $a16834 040 $aSeMil$bita 100 1 $aAime, Oreste,$d<1949- >.$0(OLS)http://semarc/name/51530 245 13$aIl trauma e il riconoscimento. Ricoeur lettore di Levinas. 600 14$aLévinas, Emmanuel <1906-1995>.$0(OLS)http://semarc/subject/8768 600 14$aRicoeur, Paul <1913-2005>.$0(OLS)http://semarc/subject/5634 773 0 $tFilosofia come servizio.$dMilano : V&P, 2009.$kMetafisica e storia della metafisica$z978-88-343-1847-8$gp.475-486$w()189921 996 $6245$aIl trauma e il riconoscimento. Ricoeur lettore di Levinas$9(OLS)http://semarc/title/383214